000 00818nam a2200217Ii 4500
003 JO-AjNU
008 230605s9999||||xx |||||||||||||| ||und||
017 _a2002/7965
020 _a977-01-7799-7
040 _aJO-AjNU
_bara
_erda
_cJO-AjNU
041 _aara
050 1 4 _aDS39.N366 2002
100 3 _aالنقيب، مازن واخرون,
_eauthor
_939000
245 0 0 _aشخصيات سياسية لها بصمات
264 3 1 _aالقاهرة: مطابع الهيئة المصرية العامة للكتاب، 2002
300 _a246ص
336 _atext
_btxt
_2rdacontent
337 _aunmediated
_bn
_2rdamedia
338 _avolume
_bnc
_2rdacarrier
650 4 _aالبلاد العربية- تاريخ، البلاد العربية- تراجم، البلاد العربية- سياسة وحكومة
_939001
999 _aA16434
_c20002
_d20002